| 000 | 00377nam a2200157Ia 4500 | ||
|---|---|---|---|
| 008 | 230711s9999||||xx |||||||||||||| ||und|| | ||
| 041 | _aENG | ||
| 082 |
_a720 _bIS-R |
||
| 100 | _aISBN | ||
| 245 | 0 | _aResort and sports facilities | |
| 250 | _a1st Ed. | ||
| 260 |
_c1990 _aJapan _bShotenkenchiku Sha Publishing Co Ltd. |
||
| 300 | _a240 | ||
| 650 | _aArchitecture | ||
| 942 | _cBK | ||
| 999 |
_c2174 _d2174 |
||